Guess the Country Based on the Alien's Description - Statistics

General Stats
  • This quiz has been taken 32 times
  • The average score is 8 of 10
Answer Stats
Hint Answer % Correct
A terrestrial country where humans coexist with mountains, sea, and sun, blending nature with civilization. Their cities are filled with ancient relics and beautiful structures, while the air is rich with music and food scents. The culture centers around family, passion, and art, with food being key – pasta, cheese, wine, pizza. Humans here love fashion and lifestyle, maintaining vibrant energy and hospitality despite the influx of tourists. While history shows conflicts, the country now thrives as a place full of life and color. Italy
100%
A terrestrial country, where the humanoids possess hyper-velocity locomotion devices, moving at speeds resembling lightning strikes. Enormous metallic constructions dominate the landscape, yet certain zones remain tranquil, with humanoids dedicating themselves to stillness and reflection in lush, harmonious green environments. Their sustenance is often composed of diminutive segments of marine life, presented in a unique ritual known as sushi – raw aquatic organisms or other sea life, precisely arranged on small rice portions, enhanced with various spices and botanical elements. This culinary practice transcends nourishment, becoming an art form that showcases extraordinary attention to detail. Communication among these beings is marked by deep respect and courteousness, as they engage in dialogues with great formality, ensuring that their duties are executed with impeccable precision. However, caution is advised! The terrestrial shell of this world is fragile and prone to seismic disturbances. Occasionally, violent geological events, such as volcanic eruptions, disrupt the stability of the terrain. Nevertheless, the inhabitants remain resilient, steadfast in their adherence to principles, continuously pushing forward with new technological innovations. Japan
97%
A terrestrial country where humans deeply value visual creations, style, and food excellence. Their cities blend old structures with new designs, where food markets and gathering spots fill the streets, and statues mark every corner. The land is known for its wine, cheese, and baked goods like croissants and éclairs, which symbolize their mastery over nourishment. These beings take pride in their refined tastes, while also prioritizing family and tradition. From the sunlit fields to the cold mountain peaks, this country offers a variety of landscapes, deeply connected to both nature and heritage. Despite past disruptions and rebellions, it stands today as a symbol of elegance, luxury, and imagination. France
90%
A terrestrial country where humans are deeply connected to tradition, history, and hospitality. The land is a blend of bustling cities and vast landscapes, with ancient ruins scattered across the terrain. Streets are alive with the smell of kebabs, spices, and grilled meats, often served with flatbreads and fresh vegetables. This country is famous for its rich culinary culture, where food is not just nourishment, but a way of bringing people together. The people are known for their warmth, and their culture places a high value on family and community. Tea is a staple, and every gathering is marked by the sharing of stories, food, and laughter. With landscapes ranging from coastal beaches to rugged mountains, ____ offers an incredible variety of natural beauty. Despite its complex history, this country remains a crossroads of East and West, where ancient and modern worlds collide. Turkey
90%
A terrestrial country where humans are deeply connected to nature, with vast jungles, rivers, and coastlines. The cities pulse with life, filled with colorful buildings and festivals, where the air vibrates with music and the aroma of exotic foods. The people here are known for their joy and energy, often gathering in large groups to celebrate and dance. The humans here have a particular ritual they perform in large open spaces, using a round object that they manipulate with their feet to score points by sending it into a specific net structure. This ritual involves incredible agility and is a major part of their culture, as they watch and cheer on the performers. It is said that this ritual brings people together, with teams competing in massive gatherings across the land. These beings value family, community, and connection with the land. From the Amazon to the beaches,this is a place full of vibrance, passion, and life. Despite facing many challenges, the country remains a place of celebration, diversity, and resilience Brazil
86%
A terrestrial country where humans thrive amidst deserts, mountains, and jungles, blending nature and culture. The cities are full of colorful markets and ancient buildings, with humans gathering to share meals and stories. Their food revolves around corn, beans, and spices, with dishes like tacos, tamales, and enchiladas, rich in chili peppers and sauces. Street vendors fill the air with tempting aromas. However, there are unseen tensions, with some beings secretly taking possessions that do not belong to them. Despite this, the people remain warm and value family and celebration, continuing to honor their traditions. Mexico
83%
A terrestrial country where the inhabitants endure extreme cold temperatures, particularly during the frosty months, when the land is covered in ice and snow. The settlements are surrounded by frozen terrain, with towering mountains and deep fjords, creating an environment that is harsh but awe-inspiring. Despite the challenging climate, the beings here are deeply connected to the land, spending much of their time outdoors, even in the freezing cold. The inhabitants share a unique bond with quadrupedal creatures, often using them for sled movement across the snow or as companions during long, frigid periods. Young beings are taught from an early age to embrace the cold and adapt to the frozen environment. They engage in playful activities in the snow, constructing snow structures and competing in cold-weather games, as the society encourages unity and resilience. Even with the severe cold, the inhabitants of this land are recognized for their warm interactions, and the contrast between the chilling surroundings and the warmth of their connections is what makes this country extraordinary Norway | Finland | Sweden
76%
A terrestrial country where humans are surrounded by mountains, seas, and ancient traditions. The cities combine modern technology with historic palaces and temples, while the air is filled with the aroma of spicy dishes and the buzz of lively markets. The food here is a central part of life, with rice, vegetables, and fermented foods like kimchi. Grilled meats and spicy stews are also common, offering rich and complex flavors. The people are known for their strong family bonds, respect for traditions, and their vibrant culture. The country has faced challenges in the past but continues to thrive with a deep connection to its heritage, embracing both modernity and tradition. South Korea
72%
A terrestrial country where humans thrive in an expansive desert landscape, dominated by sand and sun. The cities are vast and filled with tall metallic structures and modern conveniences, yet tradition holds a strong presence, with ancient customs deeply embedded in everyday life. The land is rich in resources, especially a valuable black liquid beneath the surface that fuels much of their technological advancements. The humanoids here have a strong sense of family and honor, placing great importance on rituals and ceremonies. They engage in gatherings where they share sweets and fruits, while the main sustenance is often grilled meats, served with flatbreads and various spices. While the country is often seen as a land of wealth, it is also a place where the inhabitants work hard to preserve their traditions, values, and beliefs. Despite extreme temperatures and shifting sands, they have built thriving communities, and their hospitality is well-known across the world. Though the country has witnessed much change, it remains a place of strength, pride, and resilience. Saudi Arabia
66%
A terrestrial country where humans live under the warm embrace of the sun, surrounded by beautiful coastlines, fertile fields, and vibrant cities. The cities are filled with historic buildings and colorful plazas, where people gather for lively festivals and celebrations. The air is often filled with the sounds of flamenco music and the aroma of grilled meats and fresh seafood. The food here is a celebration of the land, with paella, tapas, and olives being staples. Wine flows freely, and every meal feels like a communal event, with friends and family coming together to enjoy both food and conversation. The people are known for their warmth, passion, and sense of joy, embracing life with a sense of vibrancy and color. Though the country has experienced difficult times, it remains a place full of history, art, and a deep connection to both tradition and modernity. Spain
66%
No matching quizzes found
Score Distribution
Percent of People with Each Score
Percentile by Number Answered
Your Score History
You have not taken this quiz